| 000 | 01732cam a22003135a 4500 | ||
|---|---|---|---|
| 001 | L139644 | ||
| 008 | 070802e20070801xxkae f fu 000 0 eng d | ||
| 020 | _a9781842193327 | ||
| 035 | _a(Sirsi) u139644 | ||
| 041 | 0 | _aeng | |
| 050 | 0 | 4 | _a692.3 $2 18 |
| 110 | 2 |
_aRoyal Institution of Chartered Surveyors _bProperty Measurement Group _94172 |
|
| 245 | 0 | 0 |
_aCode of measuring practice _h[electronic resource] |
| 250 | _a6th ed. | ||
| 260 |
_aLondon _bRICS _c2007 |
||
| 490 | 0 | _aRICS Guidance Note | |
| 520 | _aSuperseded by RICS property measurement, 1st edition, 18 May 2015 (ISBN 9781783211081). | ||
| 520 | _aProvides succinct, precise definitions to permit the accurate measurement of buildings and land, the calculation of the sizes and the description or specification of land and buildings. Widely accepted as the industry standard, the Code enables measurement to be undertaken in a common and consistent fashion. For each definition, it provides a clear explanation and details of its scope. It offers practical advice on which definition is applicable in particular circumstances. It also makes suggestions for good practice. Includes fully updated illustrations as examples for each definition. | ||
| 520 | _aEffective 1 September 2007. Supersedes fifth edition (ISBN 1842190601). | ||
| 520 | _aARCHIVED 23 DECEMBER 2016 | ||
| 650 | 2 | 4 | _aRICS CODE OF MEASURING PRACTICE |
| 650 | 2 | 4 | _aGROSS EXTERNAL AREA |
| 650 | 2 | 4 | _aGROSS INTERNAL AREA |
| 650 | 2 | 4 | _aNET INTERNAL AREA |
| 651 | 4 | _aUnited Kingdom | |
| 690 | _aPROPERTY-PROPERTY APPRAISAL AND VALUATION | ||
| 856 | 4 | 1 |
_uhttps://www.isurv.com/downloads/download/141/code_of_measuring_practice _zArchived on isurv (subscription required) |
| 942 |
_n0 _2ddc |
||
| 999 |
_c107325 _d107325 |
||